<?xml version="1.0" encoding="UTF-8"?>
<record
    xmlns:xsi="http://www.w3.org/2001/XMLSchema-instance"
    xsi:schemaLocation="http://www.loc.gov/MARC21/slim http://www.loc.gov/standards/marcxml/schema/MARC21slim.xsd"
    xmlns="http://www.loc.gov/MARC21/slim">

  <leader>01303nam a22002297a 4500</leader>
  <controlfield tag="005">20250506115946.0</controlfield>
  <controlfield tag="008">250428b        |||||||| |||| 00| 0 eng d</controlfield>
  <datafield tag="020" ind1=" " ind2=" ">
    <subfield code="a">9789351611509</subfield>
  </datafield>
  <datafield tag="040" ind1=" " ind2=" ">
    <subfield code="c">AIMIT LIBRARY</subfield>
  </datafield>
  <datafield tag="082" ind1=" " ind2=" ">
    <subfield code="2">1</subfield>
    <subfield code="a">658.4 </subfield>
    <subfield code="b">PRAL</subfield>
  </datafield>
  <datafield tag="100" ind1=" " ind2=" ">
    <subfield code="a">Prasad, L M.</subfield>
    <subfield code="9">209004</subfield>
  </datafield>
  <datafield tag="245" ind1=" " ind2=" ">
    <subfield code="a">Management process and organizational behaviour /</subfield>
    <subfield code="c">By L M Prasad.</subfield>
  </datafield>
  <datafield tag="250" ind1=" " ind2=" ">
    <subfield code="a">1st ed.</subfield>
  </datafield>
  <datafield tag="260" ind1=" " ind2=" ">
    <subfield code="a">New Delhi :</subfield>
    <subfield code="b">Sultan Chand &amp; Sons /</subfield>
    <subfield code="c">2024.</subfield>
  </datafield>
  <datafield tag="300" ind1=" " ind2=" ">
    <subfield code="a">x,212p. ;</subfield>
    <subfield code="b">PB</subfield>
    <subfield code="c">24.8 cm</subfield>
  </datafield>
  <datafield tag="500" ind1=" " ind2=" ">
    <subfield code="a">The book in the present edition has been thoroughly revised and restructured. All the chapters have been re &#x2013; written not only to incorporate new developments in organizational behavior but also to make the subject &#x2013; matter more lucid and crisp. Thus , the present edition is vastly improved both in terms of contents and presentation.</subfield>
  </datafield>
  <datafield tag="505" ind1=" " ind2=" ">
    <subfield code="a">
Contents :

Part I: Management Process
Introduction to management
Planning
Organizing
Staffing
Motivating and Leading
Controlling
Part II: Organizational Behaviour
Introduction to Organizational Behaviour
Individual Behaviour
Group Behaviour
Team Development
Appendix
Glossary</subfield>
  </datafield>
  <datafield tag="650" ind1=" " ind2=" ">
    <subfield code="a">Planning</subfield>
    <subfield code="9">209005</subfield>
  </datafield>
  <datafield tag="650" ind1=" " ind2=" ">
    <subfield code="a">Motivating and leading</subfield>
    <subfield code="9">209006</subfield>
  </datafield>
  <datafield tag="650" ind1=" " ind2=" ">
    <subfield code="a">Individual behaviour</subfield>
    <subfield code="9">209007</subfield>
  </datafield>
  <datafield tag="942" ind1=" " ind2=" ">
    <subfield code="2">ddc</subfield>
    <subfield code="c">BK</subfield>
    <subfield code="e">1st</subfield>
    <subfield code="k">658.4 PRAL</subfield>
  </datafield>
  <datafield tag="999" ind1=" " ind2=" ">
    <subfield code="c">234256</subfield>
    <subfield code="d">234256</subfield>
  </datafield>
  <datafield tag="952" ind1=" " ind2=" ">
    <subfield code="0">0</subfield>
    <subfield code="1">0</subfield>
    <subfield code="2">ddc</subfield>
    <subfield code="4">0</subfield>
    <subfield code="7">0</subfield>
    <subfield code="8">MBA</subfield>
    <subfield code="a">AIMIT</subfield>
    <subfield code="b">AIMIT</subfield>
    <subfield code="c">OB</subfield>
    <subfield code="d">2025-03-17</subfield>
    <subfield code="e">Biblios Book Point</subfield>
    <subfield code="g">225.00</subfield>
    <subfield code="i">Bill.no:7480; Bill.dt:2025/03/12</subfield>
    <subfield code="l">0</subfield>
    <subfield code="o">658.4  PRAL</subfield>
    <subfield code="p">MBA15092</subfield>
    <subfield code="r">2026-05-23 00:00:00</subfield>
    <subfield code="v">191.25</subfield>
    <subfield code="w">2025-04-28</subfield>
    <subfield code="y">BK</subfield>
  </datafield>
  <datafield tag="952" ind1=" " ind2=" ">
    <subfield code="0">0</subfield>
    <subfield code="1">0</subfield>
    <subfield code="2">ddc</subfield>
    <subfield code="4">0</subfield>
    <subfield code="7">0</subfield>
    <subfield code="8">MBA</subfield>
    <subfield code="a">AIMIT</subfield>
    <subfield code="b">AIMIT</subfield>
    <subfield code="c">OB</subfield>
    <subfield code="d">2025-03-17</subfield>
    <subfield code="e">Biblios Book Point</subfield>
    <subfield code="g">225.00</subfield>
    <subfield code="i">Bill.no:7480; Bill.dt:2025/03/12</subfield>
    <subfield code="l">0</subfield>
    <subfield code="o">658.4  PRAL</subfield>
    <subfield code="p">MBA15093</subfield>
    <subfield code="r">2026-05-23 00:00:00</subfield>
    <subfield code="v">191.25</subfield>
    <subfield code="w">2025-04-28</subfield>
    <subfield code="y">BK</subfield>
  </datafield>
</record>
